000
00237nam a2200097Ia 4500
001
654919
005
20250826154527.0
008
250824s9999 xx 000 0 und d
245
0
_a
KATIRASLAN
_c
CAHİT ZARİFOĞLU
260
_b
BEYAN YAYINLARI
999
_c
654919
_d
654919